FACTORS INFLUENCING PERFOMANCE OF NGOs' SOCIO-ECONOMIC INTERVENTIONS:A CASE OF KISII CENTRAL DISTRICT, KENYA (Record no. 216067)

MARC details
000 -LEADER
fixed length control field 00479nam a22001457a 4500
008 - FIXED-LENGTH DATA ELEMENTS--GENERAL INFORMATION
fixed length control field 250902b |||||||| |||| 00| 0 eng d
100 ## - MAIN ENTRY--PERSONAL NAME
Personal name OSINDI MARY KERUBO
245 ## - TITLE STATEMENT
Title FACTORS INFLUENCING PERFOMANCE OF NGOs' SOCIO-ECONOMIC INTERVENTIONS:A CASE OF KISII CENTRAL DISTRICT, KENYA
260 ## - PUBLICATION, DISTRIBUTION, ETC.
Place of publication, distribution, etc. KISII
Name of publisher, distributor, etc. KISII UNIVERSITY
Date of publication, distribution, etc. 2006
300 ## - PHYSICAL DESCRIPTION
Extent XI,82P.
500 ## - GENERAL NOTE
General note INCLUDES AN INDEX
650 ## - SUBJECT ADDED ENTRY
Topical term or geographic name entry element NONPROFIT ORGANIZATIONS-MANAGEMENT
942 ## - ADDED ENTRY ELEMENTS (KOHA)
Source of classification or shelving scheme Library of Congress Classification
Koha item type Reference
Holdings
Withdrawn status Lost status Source of classification or shelving scheme Damaged status Not for loan Collection Home library Current library Shelving location Date acquired Inventory number Total checkouts Full call number Barcode Date last seen Copy number Price effective from Koha item type
    Library of Congress Classification     Business & Economics Kisii University Library Kisii University Library On Display 09/02/2025 108029   THE HC 432.2 .O85 2006 000000014747 09/02/2025 C.1 09/02/2025 Reference